Drużyny CS, z 1 miejscem w rankingu HLTV - Statystyki

Ogólne statystyki
  • Ten quiz został rozwiązany 76 razy
    33 od ostatniego zresetowania
  • Średni wynik to 14 z 22
Statystyki odpowiedzi
Liczba tygodni na 1 miejscu Drużyna % Poprawnych
2 VP
100%
19 G2
96%
70 Vitality
96%
60 Faze
92%
23 Fnatic
88%
121 Astralis
83%
77 NAVI
83%
1 NIP
83%
17 Spirit
83%
2 Furia
79%
4 MOUZ
75%
14 Gambit
63%
18 Liquid
58%
50 SK
54%
24 Heroic
50%
8 BIG
42%
5 ENVY
42%
8 Luminosity
42%
2 Outsiders
42%
2 The MongolZ
42%
3 EG
21%
2 TSM
13%
Nie znaleziono quizów pasujących do podanych kryteriów
Rozkład punktacji
Procent ludzi z każdym wynikiem
Percentyl według liczby udzielonych odpowiedzi
Twoja historia wyników
Nie rozwiązałeś tego quizu od ostatniego zresetowania